MARC details
| 000 -LÍDER |
| campo de controle de tamanho fixo |
02396nam a2200373 4500 |
| 001 - NÚMERO DE CONTROLE |
| campo de controle |
65 |
| 003 - IDENTIFICADOR DO NÚMERO DE CONTROLE |
| campo de controle |
OSt |
| 005 - DATA E HORÁRIO DA ÚLTIMA TRANSAÇÃO |
| campo de controle |
20250528074010.0 |
| 008 - CAMPO DE DADOS FIXOS--INFORMAÇÃO GERAL |
| campo de controle de tamanho fixo |
250123b |||||||j |||| 00| 1 eng d |
| 040 ## - FONTE DA CATALOGAÇÃO |
| Idioma da catalogação |
por |
| 041 ## - CÓDIGO DE IDIOMA |
| Código do idioma do original e/ou traduções intermediárias do texto |
eng |
| Código do idioma do texto/trilha sonora ou título diferente |
por |
| 082 ## - CDD - CLASSIFICAÇÃO DECIMAL DE DEWEY |
| Número de Classificação |
813 |
| Número do exemplar |
B811b |
| 100 1# - ENTRADA PRINCIPAL--NOME PESSOAL |
| Nome pessoal |
Bradley, Marion Zimmer, |
| Datas associadas ao nome |
1930-1999 |
| 9 (RLIN) |
169 |
| 240 ## - TÍTULO UNIFORME |
| Título uniforme |
The Mists of Avalon |
| 245 ## - TÍTULO |
| Título |
As brumas de Avalon: |
| Restante do título |
A grande Rainha / |
| Indicação de responsabilidade, etc. |
Bradley, Marion Zimmer ; Tradução de Waltensir Dutra |
| 250 ## - EDIÇÃO |
| Declaração de edição |
9° edição |
| 260 ## - PUBLICAÇÃO, DISTRIBUIÇÃO, ETC. |
| Local de publicação, distribuição, etc. |
Rio de Janeiro |
| Nome do editor, distribuidor, etc. |
Imago |
| Data da publicação, distribuição, etc. |
1985 |
| 300 ## - DESCRIÇÃO FÍSICA |
| Extensão |
267 p. |
| 490 1# - TÍTULO DA SÉRIE |
| Título da série |
As Brumas de Avalon |
| Número do volume ou designação sequencial da série |
livro 02 |
| 500 ## - NOTA GERAL |
| Nota geral |
A grande rainha <br/><br/>Sequência de: A senhora da magia |
| 520 ## - NOTA DE RESUMO, ETC. |
| Resumo, etc. |
Este retorno imaginativo à lenda arturiana contada por suas sacerdotisas pagãs continua com o Livro Dois: A Alta Rainha. Morgana, finalmente reconciliada com o nascimento de seu filho, deve entregá-lo à sua tia Morgause em troca do segredo guardado sobre sua ascendência. Arthur se casa com a tímida, mas obediente Gwenhwyfar, enquanto guerras em andamento com os invasores saxões continuam a assolar a terra. Morgana, cansada das preocupações mundanas, tenta retornar a Avalon, mas desaparece sem deixar vestígios em algum lugar perto do fim de sua jornada. Em uma última tentativa de paz, Arthur compromete sua lealdade a Avalon ao carregar a bandeira cristã para a batalha. A incapacidade de Gwenhwyfar de conceber faz com que o reino desespere por um herdeiro ao trono, enquanto nos bastidores, seu amor por Lancelote se torna mais apaixonado e desesperado.<br/><br/>Ler As Brumas de Avalon é uma experiência profundamente tocante, e muitas vezes fantástica. Um resultado impressionante. - THE NEW YORK TIMES BOOK REVIEW<br/><br/>O enredo elaborado com maestria e a escrita maravilhosa de As Brumas de Avalon jogam nova luz a antigos personagens, em especial Morgana das Fadas, Merlim, Lancelote e Gwenhwyfar. Um romance épico, com violência, ambição, lealdades dolorosas e feitiços assombrosos. - PUBLISHERS WEEKLY |
| 650 #0 - ASSUNTO--TERMO TÓPICO |
| Cabeçalho tópico ou nome geográfico |
Literatura Americana |
| 9 (RLIN) |
84 |
| 650 #0 - ASSUNTO--TERMO TÓPICO |
| Cabeçalho tópico ou nome geográfico |
Medieval |
| 9 (RLIN) |
170 |
| 650 #0 - ASSUNTO--TERMO TÓPICO |
| Cabeçalho tópico ou nome geográfico |
Fantasia |
| 9 (RLIN) |
45 |
| 650 #0 - ASSUNTO--TERMO TÓPICO |
| Cabeçalho tópico ou nome geográfico |
Aventura |
| 9 (RLIN) |
47 |
| 650 #0 - ASSUNTO--TERMO TÓPICO |
| Cabeçalho tópico ou nome geográfico |
Seres mágicos |
| 9 (RLIN) |
46 |
| 650 #0 - ASSUNTO--TERMO TÓPICO |
| Cabeçalho tópico ou nome geográfico |
Mitologia |
| 9 (RLIN) |
128 |
| 650 #0 - ASSUNTO--TERMO TÓPICO |
| Cabeçalho tópico ou nome geográfico |
Filme |
| 9 (RLIN) |
26 |
| 655 #0 - TERMO DE ÍNDICE--GÊNERO E FORMA |
| Gênero/forma/ou termo foco |
Romance |
| 655 #0 - TERMO DE ÍNDICE--GÊNERO E FORMA |
| Gênero/forma/ou termo foco |
Ficção |
| 700 ## - ENTRADA ADICIONADA - NOME PESSOAL |
| Nome pessoal |
Waltensir Dutra |
| Função do autor por extenso |
Tradutor |
| 9 (RLIN) |
171 |
| 830 ## - ENTRADA SECUNDÁRIA DE SÉRIE--TÍTULO UNIFORME |
| Título uniforme |
As Brumas de Avalon |
| Número do volume ou designação sequencial da série |
Livro 02 |
| 9 (RLIN) |
172 |
| 942 ## - ELEMENTOS DE ENTRADA ADICIONADOS (KOHA) |
| Fonte de classificação ou esquema de arquivamento |
Classificação decimal de Dewey |
| Ocultar no OPAC |
Não |
| Tipo de material Koha |
Livros |